01447nam a2200229 a 450000100100000000500170001000800410002704000250006808200170009310000470011024500800015726000310023730000210026850400320028950506660032160000640098765000320105165000260108365000280110965100330113765100470117000000298920260303083219.0090706s19uu dr r 000 0 spa d aDO-SdBNPbspacBNPHU a322.42bJ61c1 aJimenes Grullón, Juan Isidro,d1903-198313aEl camilismo y la revolución dominicana /cJuan Isidro Jimenes Grullón. a[s. l. :bs. n. ,c19--?]. a169 p. ;c20 cm. aBibliografía : p. 167-1680 gPrimera parte.tIntroducción --tEl "Camilismo" : un anacronismo revolucionario --tLa teoría político- económico-social --tLa táctica política --tEl "Camilismo" continental --tEl encuentro de cristianismo comprometidos --gSegunda parte.tEl camilismo dominicano --tConvergencias con Camilo Torres --tDemocracia, liberalismo y capitalismo --tReformismo y socialismo --tPosturas antimarxistas --tAciertos y desaciertos --tEl partidismo y los movimientos populares --tTeoría y práctica --tDirección y vanguardias --tLos tipos de vanguardia --tContradicciones y eclecticismo --tMetas del movimiento --tOrganización y tácticas.14aTORRES, CAMILO,d1929-1965xPENSAMIENTO POLÍTICO Y SOCIAL 4aMovimientos revolucionarios 0aDemocracia cristiana  4aMarxismo y cristianismo 4aColombiaxHistoriaySIGLO XX 4aRepública DominicanaxHistoriaySIGLO XX